| 000 | 00994nam2a22002531 4500 | ||
|---|---|---|---|
| 001 | RU\NLR\Per\1113822 | ||
| 005 | 20250614091407.0 | ||
| 035 | _a(NLR Aleph) 010716801 | ||
| 090 |
_a9801173 _c9801173 |
||
| 100 | _a20150324d2015 |||y0rusy50 ca | ||
| 101 | 0 | _arus | |
| 102 | _aRU | ||
| 105 | _ay ||||000|y | ||
| 200 | 0 | _aТ. 78, № 1/2 | |
| 210 |
_d2015 _aБ. м. |
||
| 320 | _aС указ. за 2014 | ||
| 461 | 0 |
_1001RU\NLR\INFOCOMM55\5000193609 _12001#$aЯдерная физика$fАкад. наук СССР. Гос. Ком. по использованию атомной энергии СССР$vТ. 78, № 1/2 _92959147 _cМ. _d1965 - _fАкад. наук СССР. Гос. Ком. по использованию атомной энергии СССР _n"Наука" _tЯдерная физика _x0044-0027 _vТ. 78, № 1/2 |
|
| 801 | 1 |
_aRU _bInfoComm _c20050215 |
|
| 801 | 0 |
_aRU _bNLR _gPSBO |
|
| 852 |
_aNLR _jП8/700 |
||
| 942 | _cISSUE | ||
| 980 | _aNB | ||
| 980 | _aRUSPER | ||